| 000 | 00526nam a2200169 a 4500 | ||
|---|---|---|---|
| 005 | 20140412111239.0 | ||
| 008 | 010710s19uu xx 00 eng d | ||
| 020 | _a0-8114-9228-1 | ||
| 050 |
_aM 152.4 _bA515 1994 |
||
| 100 | _aAmos, Janine | ||
| 245 |
_aFeelings: brave / _cby Janine Amos; illustrated by Gwen Green. |
||
| 260 |
_aAustin, Texas : _bRaintree Steck-Vaughn, _c1994. |
||
| 300 | _a32p. ; ill. | ||
| 650 |
_aEmotions _xCase studies _xJuvenile literature |
||
| 650 |
_aEmotions _xConduct of life |
||
| 999 |
_c102612 _d102612 |
||